Don't be lulled into complacency (Record no. 84383)

MARC details
000 -LEADER
fixed length control field 00656cab a22001935a 4500
001 - CONTROL NUMBER
control field L157439
008 - FIXED-LENGTH DATA ELEMENTS--GENERAL INFORMATION
fixed length control field 121130e20121117xxk 000 0 eng d
035 ## - SYSTEM CONTROL NUMBER
System control number (Sirsi) u157439
041 0# - LANGUAGE CODE
Language code of text/sound track or separate title eng
100 1# - MAIN ENTRY--PERSONAL NAME
Personal name Styles, James
245 00 - TITLE STATEMENT
Title Don't be lulled into complacency
260 ## - PUBLICATION, DISTRIBUTION, ETC.
Date of publication, distribution, etc. 2012
490 ## - SERIES STATEMENT
Series statement Estates Gazette
Volume/sequential designation (1246) 17 November 2012, 116-117(2)
520 ## - SUMMARY, ETC.
Summary, etc. Advises care when drafting exclusion and draft clauses. These clauses aim to protect a party to a contract by excluding or limited liability against claims for breach of contract or in tort.
590 ## - LOCAL NOTE (RLIN)
Local note KA
651 #4 - SUBJECT ADDED ENTRY--GEOGRAPHIC NAME
Geographic name United Kingdom
690 ## - LOCAL SUBJECT ADDED ENTRY--TOPICAL TERM (OCLC, RLIN)
Topical term or geographic name as entry element Contracts
9 (RLIN) 6232
942 ## - ADDED ENTRY ELEMENTS (KOHA)
Suppress in OPAC 0
Holdings
Withdrawn status Lost status Source of classification or shelving scheme Damaged status Not for loan Home library Current library Shelving location Date acquired Total Checkouts Full call number Barcode Date last seen Copy number Price effective from Koha item type
    Dewey Decimal Classification     London London Journal article 30/11/2012   L157439 157439-1001 06/08/2019 1 06/08/2019 Journal article